000 00923nam a2200265Ia 4500
001 21798
005 20260320113313.0
008 260320s9999||||xx |||||||||||||| ||und||
041 _aESP
082 _aHR 027.985 JUN 2025
_bARA.2
100 _a
_e
110 _aArchivo Regional de Arequipa
245 0 _aARA :
_brevista del Archivo Regional de Arequipa
246 _a
_5
_b
260 _a[Lugar de publicación no identificado] :
_b[Editor no identificado],
_c2025
300 _a98 páginas :
_bfotografías, cuadros, tablas ;
_c30 cm.
_e
440 _a
_n
_v
505 _aN° 3 (2025)
650 _aGEN
653 _aArchivo Regional de Arequipa - Revista
654 _aCHU
700 _a
_c
856 _uhttps://app-vlex-com.ucsp.lookproxy.com/search/type:source+jurisdiction:PE,XM+content_type:4+source_type:02.01,02.02,02.03,02.04,02.05/*
_z Véase además: Base de datos Vlex
942 _cREV
_dJUS
_fMAT
_2ddc
_n
999 _c21798
_d21798